000 01130nam a2200289 i 4500
001 000048375
003 DO-SdBNP
005 20251204073702.0
007 ta
008 130307s2019 dr r 000 0 spa d
020 _a9789945585483
040 _aDO-SdBNP
_bspa
_cBNPHU
_erda
041 _hspa
082 _a347.7293
_bG373d, 2019
_222
100 1 _aGermán M., Mariano,
_d1946-
_eautor
_q(Germán Mejía)
_99311
245 1 0 _aDiscurso pronunciado por el Dr. Marinao Germán Mejía en ocasión de la conmemoración del día del Poder Judicial :
_baudiencia solemne 7 de enero de 2019 /
_cMariano Germán Mejía.
264 _aSanto Domingo :
_bPoder Judicial,
_c2019.
300 _a61 páginas ;
_c23 cm.
336 _ardacontent
_btexto
_2txt
337 _ardamedia
_bsin mediación
_2n
338 _ardacarrier
_bvolumen
_2nc
590 _aInventariado, 2019/VM
650 4 _aPoder judicial
_zRepública Dominicana
_vEnsayos, conferencias, etc.
_930708
650 0 _aAdministración de justicia
_zRepública Dominicana
_vEnsayos, conferencias, etc,.
_910083
910 _aValidado. Control de calidad MFF
942 _2ddc
_cLBS1
999 _c47863
_d47863